00314nam a2200121Ia 4500008004100000040001700041041001200058082001800070100001900088245002200107260005300129300001000182230917s9999||||xx |||||||||||||| ||und|| e154786aMAIN aEnglish a294.6 G537S:G aShamsher Singh 0aGuru Gobind Singh aChandigarhbGuru Gobind Singh Foundationc[n.d,] a36 p.